000 00927nac a22002651i 4500
003 EG-ScBUE
005 20240702114738.0
008 240702s1982 enkaf f 000 0 eng d
020 _a0340324082 (pbk.) :
040 _aEG-ScBUE
_beng
_erda
_cEG-ScBUE
_dEG-ScBUE
082 0 4 _a997.11
_bDOB
_222
100 1 _aDobson, Christopher,
_eauthor.
245 1 4 _aThe Falklands conflict /
_cChristopher Dobson, John Miller, Ronald Payne.
264 1 _a[Falmouth, Cornwall] :
_bCoronet Books,
_c1982.
300 _a213 pages, [16] pages of plates :
_billustrations ;
_c18 cm
336 _2rdacontent
_atext
_btxt
337 _aunmediated
_2rdamedia
_bn
338 _avolume
_bnc
_2rdacarrier
650 7 _aFalkland Islands War, 1982.
_2BUEsh
655 _vReading book
700 1 _aMiller, John,
_d1932-
_eauthor.
700 1 _aPayne, Ronald,
_d1926-
_eauthor.
942 _cBB
_2ddc
999 _c3597
_d3597